|
|
|
|
| LEADER |
00864nam a2200229 a 4500 |
| 001 |
000465376 |
| 003 |
CZ BrMZK |
| 005 |
20040123064958.0 |
| 008 |
010907s1971 xr f cze d |
| 040 |
|
|
|a BOA001
|b cze
|
| 080 |
|
|
|a 015:908.437.11"1960"
|2 MRF
|
| 100 |
1 |
|
|a Kádnerová, Jiřina,
|d 1943-
|7 jk01052493
|4 edt
|
| 245 |
1 |
0 |
|a Soupis tisků o Středočeském kraji od roku 1960 /
|c Zprac. J. Kádnerová
|
| 260 |
|
|
|a Kladno :
|b Krajská knihovna,
|c 1971
|
| 300 |
|
|
|a 36 s. ;
|c 4°
|
| 490 |
1 |
|
|a Edice Krajské knihovny v Kladně. Velká řada ;
|v Sv. 12
|
| 500 |
|
|
|a 180 výt.
|
| 830 |
|
0 |
|a Edice Krajské knihovny v Kladně. Velká řada
|
| 910 |
|
|
|a BOA001
|b X2-0691.297
|
| 964 |
|
|
|a Čechy střední (kraj) - literatura regionální - bibliografie
|
| 990 |
|
|
|a BK
|
| 996 |
6 |
|
|b 2619754012
|c X2-0691.297
|l MZK
|r Sklad / do 24 hodin
|n 1
|w 000465376
|u 000010
|a 1
|e BOA001
|j MZK50
|s P
|